La Banca privada en la Cornisa Cantábrica entre 1920 y 1935 / J. Víctor Arroyo
Descripción Física:
168 p. : il. ; 25 cm
MARC
| LEADER | 00000nam a2200000Ia 4500 | ||
|---|---|---|---|
| 001 | 12557 | ||
| 008 | 160829s2000 xx 000 0 cat d | ||
| 080 | |a M-3-301 | ||
| 100 | |a Arroyo, J. Víctor |9 23811 | ||
| 245 | |a La Banca privada en la Cornisa Cantábrica entre 1920 y 1935 / J. Víctor Arroyo | ||
| 260 | |a Bilbao : |b Banco Bilbao Vizcaya. Archivo Histórico, |c 2000 | ||
| 300 | |a 168 p. : |b il. ; |c 25 cm | ||
| 490 | |a Informaciones : Cuadernos de Archivo ; época IV, año VI, núm. 60 - 61 | ||
| 650 | |a Bancs |x Galícia |x 1920/1935 |9 32507 | ||
| 650 | |a Bancs |x Astúries |x 1920/1935 |9 32508 | ||
| 650 | |a Bancs |x Cantàbria |x 1920/1935 |9 32509 | ||
| 710 | 2 | |a Banco Bilbao Vizcaya Argentaria. |b Archivo Histórico |9 54521 | |
| 901 | |a Arxiu | ||
| 942 | |n 1 | ||
| 952 | |0 0 |1 0 |4 0 |6 M3301 |7 1 |9 46011 |a Arxiu |b Arxiu |d 2016-12-01 |l 0 |o M-3-301 |p 12557 |r 2016-12-01 00:00:00 |w 2016-12-01 |y ARXIU | ||
| 999 | |c 49512 |d 49512 | ||